000 00959cab a22001935a 4500
001 L157375
008 121119e2012 xxk 000 0 eng d
035 _a(Sirsi) u157375
041 0 _aeng
100 1 _aHatcher, David
245 0 0 _aMarkets
_bEast Midlands
260 _c2012
490 0 _aProperty Week
_v78(44) 2 November 2012, 53-60(4)
520 _aProvides an overview of recent commercial property activity in the region: Urban Outfitters and Whole Foods are tipped to arrive at Capital Shopping Centres' Nottingham shopping centres; LXB Retail Properties' planning consent to develop a 465 000 sq ft retail park at Rushden Lakes, Northamptonshire has outraged landlords of competing schemes. Network Rail and St Modwen hope to finalise a plan to build a 102 000 sq ft Sainsbury's superstore on Network Rail' Chaddesden Triangle site in Derby.
590 _aKA
651 4 _aEast Midlands
690 _aCommercial property
_96227
942 _n0
999 _c84362
_d84362